000 01329nac a22002891u 4500
999 _c7459
_d7459
003 EG-ScBUE
005 20210309100246.0
008 200219s2006 ii f 000 0 eng d
020 _a8175812478
040 _aEG-ScBUE
_beng
_erda
_cEG-ScBUE
_dEG-ScBUE
082 0 4 _a820.9
_bRAJ
_222
100 1 _aRajimwale, Sharad,‏
_d1951-
_eauthor.
245 1 2 _aA histroy of English literature :
_ba detailed study of the Anglo-Saxon period, norman conquest and medival literature, chaucer and his age, renaissance and the Elizabithan age, the seventeenth-century, the eighteenth-century, the age of romanticism, nineteenth century prose, victorian poetry, the twentieth-century and beyond modernism /
_cDr. Sharad Rajimwale, M.A. English, M.A. Linguistics, Ph.D. Department of English, Jai Narian Vyas University.
250 _aSecond edition.
264 1 _aNew Delhi :
_bRama Brothers India Pvt. Ltd.,
_c2006.
300 _axv, 539 pages ;
_c19 cm
336 _2rdacontent
_atext
_btxt
337 _2rdamedia
_aunmediated
_bn
338 _2rdacarrier
_avolume
_bnc
500 _aDistributer: Al-Ahram.
504 _aIncludes bibliographical references.
650 7 _aEnglish literature
_xHistory and criticism.
_2BUEsh
651 _2BUEsh
653 _bHHUUEENN
655 _vReading book
_934232
942 _cBB
_k820.9RAJ
_2ddc